00590nam a2200133Ia 4500008004100000100002800041245011600069245011600185260005300301260001800354300000800372650001500380856006100395170221s9999 xx 000 0 und d aElena Ivanovna Danilina aIncrease of Effectiveness of Economy Management in Municipalities (through the example of Energy Conservation)  cElena Ivanovna Danilina, Vladimir Evgenevich Chebotarev, Olga Sergeevna Reznikova, Dmitry Vladimirovich Gorelov bInternational Review of Management and Marketing cDecember 2014 a6:2 xMarketing. uhttp://www.econjournals.com/index.php/irmm/issue/view/93